The witch doctors : What the management gurus are, why it matters and how to make sense of it
שמור ב:
| מחבר ראשי: | |
|---|---|
| פורמט: | ספר |
| שפה: | Undetermined |
| יצא לאור: |
London
Heinemann
1996
|
| נושאים: | |
| תגים: |
הוספת תג
אין תגיות, היה/י הראשונ/ה לתייג את הרשומה!
|
| Thư viện lưu trữ: | Trung tâm Học liệu Trường Đại học Cần Thơ |
|---|
| LEADER | 00593nam a2200193Ia 4500 | ||
|---|---|---|---|
| 001 | CTU_96748 | ||
| 008 | 210402s9999 xx 000 0 und d | ||
| 082 | |a 658 | ||
| 082 | |b M619 | ||
| 100 | |a Micklethwait, John | ||
| 245 | 4 | |a The witch doctors : | |
| 245 | 0 | |b What the management gurus are, why it matters and how to make sense of it | |
| 245 | 0 | |c John Micklethwait, Adrian Wooldridge | |
| 260 | |a London | ||
| 260 | |b Heinemann | ||
| 260 | |c 1996 | ||
| 650 | |a Industrial management,Comparative management. | ||
| 904 | |i Năm | ||
| 980 | |a Trung tâm Học liệu Trường Đại học Cần Thơ | ||